Opava /

Hlavní autor: Solnický, Josef, 1931-2014
Jazyk: Slovenština
Vydáno: Martin : Osveta, 1984
Vydání: 1. vyd.
Fyzický popis: Nestr.
Knihy
Uloženo v:
LEADER 00694nam a2200217 a 4500
001 000472272
003 CZ BrMZK
005 20000105143423.0
007 ta
008 000105s1984 xo slo d
040 |a BOA001  |b cze 
080 |a 084(437.272)  |2 MRF 
080 |a 77(437.1)"19":92 Solnický, Josef  |2 MRF 
100 1 |a Solnický, Josef,  |d 1931-2014  |7 jk01120398  |4 aut 
245 1 0 |a Opava /  |c Josef Solnický ; Úv. text Miroslav Rafaj ; Odb. koment. Marie Schenková 
250 |a 1. vyd. 
260 |a Martin :  |b Osveta,  |c 1984 
300 |a Nestr. 
910 |a BOA001  |b 3-0877.104 
990 |a BK 
996 6 |b 2619218115  |c 3-0877.104  |l MZK  |r Sklad / do 1 hodiny  |n 1  |w 000472272  |u 000010  |a 1  |e BOA001  |j MZK50  |s P